Представление документа в формате RUSMARC

ПолеНазваниеЗначение
  Тип записи i
  Библиографический уровень m
001 Контрольный номер RU/IS/BASE/560621478
005 Дата корректировки 20201206205106.0
010 Индекс ISBN __
a ISBN (в кор.)
d Цена 224-20
100 Данные общей обработки __
a Данные общей обработки 19171006d2014||||||| 0rusy0189 ca
101 Язык документа 0_
a Язык текста rus
102 Страна публикации __
a Страна публикации ru
105 Кодированные данные (монография) __
a Кодированные данные (монография) nn|||||||f|zy
127 Кодированные данные (звукозаписи-физические характеристики) __
a Продолжительность проигрывания 02 ч 48 мин
200 Заглавие и сведения об ответственности 1_
a Заглавие Саквояж со светлым будущим
e Сведения, относящиеся к заглавию [роман]
f Первые сведения об ответственности Татьяна Устинова ; [инсценировка С. Голубева ; продюсеры: В. Воробьев, А. Андреев ; режиссер-постановщик: А. Юников ; музыка, звукорежиссер А. Чехерев ; исполняют: А. Басин и др.]
b Общее обозначение материала Звукозапись
210 Выходные данные __
a Место издания Москва
c Издательство Союз
d Дата издания 2014
215 Физическое описание __
a Объем 1 электрон. опт. диск (Audio CD)
c Иллюстрации/тип воспроизводства mp3
d Формат 12х14 см
225 Серия __
a Серия Аудиокнига
230 Специфическая характеристика материала: электронные ресурсы __
a Обозначение и объем ресурса Электронные звуковые данные
300 Общие примечания __
a Общие примечания Заглавие с этикетки диска
323 Примечание о главных создателях, исполнителях, участниках __
a Примечание о главных создателях, исполнителях, участниках Басин, А. (Дмитрий Родионов)
323 Примечание о главных создателях, исполнителях, участниках __
a Примечание о главных создателях, исполнителях, участниках Аманова, С. (Мария Вепренцева)
323 Примечание о главных создателях, исполнителях, участниках __
a Примечание о главных создателях, исполнителях, участниках Эйбоженко, А. (Илья Друбич)
323 Примечание о главных создателях, исполнителях, участниках __
a Примечание о главных создателях, исполнителях, участниках Стремовский, В. (Игорь Веселовский)
323 Примечание о главных создателях, исполнителях, участниках __
a Примечание о главных создателях, исполнителях, участниках Казаков, С. (Стас Головко)
323 Примечание о главных создателях, исполнителях, участниках __
a Примечание о главных создателях, исполнителях, участниках Аристова, Н. (Олеся)
323 Примечание о главных создателях, исполнителях, участниках __
a Примечание о главных создателях, исполнителях, участниках Тарасова, Л. (Лида Поклонная)
330 Аннотация __
a Аннотация Баловню судьбы Дмитрию Родионову детективы удавались легко - в меру запутанные и мрачные, с изящно-печальным концом. Но в жизни писателя - царя и бога детективного жанра никогда не случалось ничего подобного. И тут - на тебе, откуда ни возьмись! Да еще по всем канонам криминального чтива: с угрозами и убийством. В пекло событий попала и верная секретарша Аркадия Маша Вепренцева. А требовалось от нее и ее шефа всего-то отказаться от "гастрольной" поездки в Киев. Но как же не ехать? Ведь в программу визита была включена встреча писателя с кандидатом в президенты Украины Борисом Головко. Маша и Родионов злодеев, разумеется, ослушались. Только закончилось это весьма печально. Познакомиться с Борисом Головко на даче местной поэтессы, где собрались именитые гости, им так и не привелось - того зверски убили. Двадцать семь ножевых ран! Его истерзанное тело обнаружили... в Машиной комнате...
333 Примечание о целевом назначении __
a Примечание о целевом назначении 16+. Для детей старше 16 лет
337 Примечание о системных требованиях (электронные ресурсы) __
a Примечание о системных требованиях (электронные ресурсы) Системные требования: CD-плеер с поддержкой MP3 или Pentium-233 c Windows 9x-XP ; CD-ROM ; звуковая карта
606 Тематические рубрики __
a Основная рубрика Художественная литература
606 Тематические рубрики __
a Основная рубрика Музыка и зрелищные искусства
606 Тематические рубрики __
a Основная рубрика Художественное радиовещание
606 Тематические рубрики __
a Основная рубрика Русская литература XX в. (произведения)
610 Ключевые слова __
a Ключевые слова детективные романы
a Ключевые слова детективы
a Ключевые слова женские детективы
a Ключевые слова романы
a Ключевые слова спектакли
a Ключевые слова тема преступлений
a Ключевые слова тема расследований
a Ключевые слова тема убийств
a Ключевые слова тема шантажа
686 Индексы других классификаций __
2 Код системы rubbks
a Классификационный индекс 85.381.3(2)-7я04
686 Индексы других классификаций __
2 Код системы rubbks
a Классификационный индекс 84(2=411.2)6-445я04
700 Автор _1
a Фамилия Устинова
b Имя Т. В.
g Полное личное имя Татьяна Витальевна
4 Код отношения 070
702 Вторичная интеллектуальная ответственность _1
a Фамилия Голубев
b Имя С.
4 Код отношения Сценарист
4 Код отношения 690
702 Вторичная интеллектуальная ответственность _1
a Фамилия Воробьев
b Имя В.
4 Код отношения Продюсер
4 Код отношения 570
702 Вторичная интеллектуальная ответственность _1
a Фамилия Андреев
b Имя А.
4 Код отношения Продюсер
4 Код отношения 570
702 Вторичная интеллектуальная ответственность _1
a Фамилия Юников
b Имя А.
4 Код отношения Режиссер
4 Код отношения 070
702 Вторичная интеллектуальная ответственность _1
a Фамилия Чехерев
b Имя А.
4 Код отношения Композитор
4 Код отношения 230
4 Код отношения 570
801 Источник записи _0
a Страна ru
b Организация Муниципальное бюджетное учреждение культуры "Централизованная библиотечная система" г. Сургут (Центральная городская библиотека им. А. С. Пушкина)
c Дата составления 20171006
g Правила каталогизации RCR
801 Источник записи _1
a Страна ru
b Организация Муниципальное бюджетное учреждение культуры "Централизованная библиотечная система" г. Сургут (Центральная городская библиотека им. А. С. Пушкина)
c Дата составления 20171006
g Правила каталогизации RCR
852 Данные о местонахождении __
j Шифр хранения 85.381.3(2)-7я04
i Авторский знак У 80
901 Тип документа __
t Тип документа 0
a Ответственный КиК/Апакова
903 Характеристики (МАРС) __
a Дата передачи 20171006
969 Тип издания __
a Тип издания аудиоспектакль; издание для слепых
990 Данные о заказе (DOS) __
j Количество экземпляров (DOS) 1
t N записи в КСУ для И/У (DOS) 201710